[Event "Amsterdam op 1st"]
[Site "Amsterdam"]
[Date "2023.10.29"]
[Round "5"]
[White "Brink, Barry"]
[Black "Pham, Khoi"]
[Result "1-0"]
[WhiteElo "2378"]
[BlackElo "2356"]
[PlyCount "55"]
[EventDate "2023.10.27"]
[EventType "swiss"]
[EventRounds "6"]
[EventCountry "NED"]
[SourceTitle "Mega2024 Update 01"]
[Source "Chessbase"]
[SourceDate "2023.11.12"]
[SourceVersion "1"]
[SourceVersionDate "2023.11.12"]
[SourceQuality "1"]

1. c4 c6 2. Nf3 d5 3. e3 Nf6 4. b3 Bf5 5. Bb2 e6 6. Be2 h6 7. 0-0 Bd6 8. Ne5 0-0 9. f4 Nbd7 10. Nxd7 Nxd7 11. Nc3 a5 12. a3 Nc5 13. d4 Ne4 14. Nxe4 Bxe4 15. Bd3 f5 16. Bxe4 fxe4 17. c5 Be7 18. b4 b5 19. a4 Qb8 20. Bc3 axb4 21. Bxb4 bxa4 22. Rxa4 Qb5 23. Rxa8 Rxa8 24. Be1 Bf6 25. Qg4 Re8 26. h4 Qd3 27. Bf2 Bxd4 28. Rd1 1-0

[Event "NED-ch Blitz Pool-B"]
[Site "Rotterdam"]
[Date "2023.09.09"]
[Round "2"]
[White "Beerdsen, Thomas"]
[Black "Pham, Khoi"]
[Result "1-0"]
[WhiteElo "2516"]
[BlackElo "2361"]
[PlyCount "55"]
[EventDate "2023.09.09"]
[EventType "tourn (blitz)"]
[EventRounds "5"]
[EventCountry "NED"]
[EventCategory "5"]
[SourceTitle "EXT 2024"]
[Source "ChessBase"]
[SourceDate "2023.10.10"]
[SourceVersion "1"]
[SourceVersionDate "2023.10.10"]
[SourceQuality "1"]

1. e4 c5 2. Nf3 Nc6 3. d4 cxd4 4. Nxd4 Nf6 5. Nc3 e5 6. Ndb5 d6 7. Bg5 a6 8. Na3 b5 9. Bxf6 gxf6 10. Nd5 f5 11. Bxb5 axb5 12. Nxb5 Bb7 13. Nbc7+ Kd7 14. Nxa8 Bxa8 15. 0-0 Ne7 16. c4 fxe4 17. Qa4+ Bc6 18. Qa7+ Ke6 19. f4 Nxd5 20. cxd5+ Bxd5 21. fxe5 Be7 22. Qf2 dxe5 23. Rad1 Qa5 24. Qxf7+ Kd6 25. Rf6+ Bxf6 26. Qxf6+ Kc5 27. Qxh8 e3 28. Qxe5 1-0

[Event "NED-ch Blitz Pool-B"]
[Site "Rotterdam"]
[Date "2023.09.09"]
[Round "4"]
[White "Zult, Daan"]
[Black "Pham, Khoi"]
[Result "1-0"]
[WhiteElo "2303"]
[BlackElo "2361"]
[PlyCount "25"]
[EventDate "2023.09.09"]
[EventType "tourn (blitz)"]
[EventRounds "5"]
[EventCountry "NED"]
[EventCategory "5"]
[SourceTitle "EXT 2024"]
[Source "ChessBase"]
[SourceDate "2023.10.10"]
[SourceVersion "1"]
[SourceVersionDate "2023.10.10"]
[SourceQuality "1"]

1. c4 c6 2. e4 d5 3. exd5 cxd5 4. cxd5 Nf6 5. Nc3 Nxd5 6. Nf3 e6 7. d4 Bd6 8. Bd3 0-0 9. 0-0 Nc6 10. Qe2 h6 11. Re1 Nf4 12. Bxf4 Bxf4 13. Qe4 1-0

[Event "Vlissingen op 25th"]
[Site "Vlissingen"]
[Date "2023.08.08"]
[Round "5"]
[White "Maters, Arthur"]
[Black "Pham, Khoi"]
[Result "1/2-1/2"]
[WhiteElo "2131"]
[BlackElo "2361"]
[PlyCount "32"]
[EventDate "2023.08.05"]
[EventType "swiss"]
[EventRounds "9"]
[EventCountry "NED"]
[SourceTitle "CBM 215 Extra"]
[Source "ChessBase"]
[SourceDate "2023.09.30"]
[SourceVersion "1"]
[SourceVersionDate "2023.09.30"]
[SourceQuality "1"]

1. e4 e5 2. Nf3 Nc6 3. Nc3 Nf6 4. Bb5 Nd4 5. Nxe5 Qe7 6. Nf3 Nxb5 7. Nxb5 Qxe4+ 8. Qe2 Qxe2+ 9. Kxe2 Nd5 10. c4 a6 11. Nc3 Nf4+ 12. Kd1 Nd3 13. Kc2 Nb4+ 14. Kb3 Nd3 15. Kc2 Nb4+ 16. Kb3 Nd3 1/2-1/2

[Event "Vlissingen op 25th"]
[Site "Vlissingen"]
[Date "2023.08.06"]
[Round "2"]
[White "Pham, Khoi"]
[Black "Song, Ethan"]
[Result "1-0"]
[WhiteElo "2361"]
[BlackElo "2025"]
[PlyCount "139"]
[EventDate "2023.08.05"]
[EventType "swiss"]
[EventRounds "9"]
[EventCountry "NED"]
[SourceTitle "CBM 215 Extra"]
[Source "ChessBase"]
[SourceDate "2023.09.30"]
[SourceVersion "1"]
[SourceVersionDate "2023.09.30"]
[SourceQuality "1"]

1. d4 Nf6 2. c4 e6 3. g3 d5 4. Bg2 Be7 5. Nf3 0-0 6. 0-0 dxc4 7. Qc2 a6 8. a4 Bd7 9. Qxc4 Bc6 10. Bg5 Nbd7 11. Nc3 h6 12. Bxf6 Nxf6 13. a5 Bd5 14. Qd3 c5 15. e4 Bc6 16. Rfd1 Qc7 17. e5 Nd5 18. Qc4 Nxc3 19. Qxc3 Bd5 20. b4 c4 21. Ne1 Qc6 22. Bxd5 Qxd5 23. Nc2 Rac8 24. Ne3 Qf3 25. d5 exd5 26. Rd4 Bg5 27. Nxd5 Qxc3 28. Nxc3 Rfd8 29. Nd5 c3 30. f4 c2 31. Rc1 Rc7 32. Nxc7 Rxd4 33. Rxc2 Bd8 34. b5 Rd1+ 35. Kg2 axb5 36. Nxb5 Bxa5 37. Nd6 Rd2+ 38. Rxd2 Bxd2 39. Nxb7 Kf8 40. Nd6 Bb4 41. Nf5 h5 42. Kf3 g6 43. Nd4 Kg7 44. Ke4 Be1 45. f5 gxf5+ 46. Kxf5 h4 47. g4 h3 48. Ne2 Bf2 49. g5 Be3 50. Kg4 Kf8 51. Nf4 Bd4 52. Nd3 Be3 53. Ne1 Kg7 54. Nf3 Kg6 55. Nh4+ Kh7 56. g6+ fxg6 57. Kxh3 Bf4 58. Nf3 Kg7 59. Kg4 Be3 60. Ne1 Kf7 61. Kf3 Bh6 62. Ke4 Bf8 63. h3 Be7 64. Nf3 Bd8 65. Kd5 g5 66. Kd6 Kg6 67. e6 Bf6 68. Ne5+ Kh5 69. Kd7 Kh4 70. Ng4 1-0

[Event "Utrecht"]
[Site "Utrecht"]
[Date "2023.08.03"]
[Round "4"]
[White "Pham, Khoi"]
[Black "Abdulla, Murad"]
[Result "1/2-1/2"]
[WhiteElo "2361"]
[BlackElo "2309"]
[PlyCount "130"]
[EventDate "2023.07.08"]
[EventType "tourn"]
[EventRounds "9"]
[EventCountry "NED"]
[EventCategory "4"]
[SourceTitle "EXT 2024"]
[Source "ChessBase"]
[SourceDate "2023.10.10"]
[SourceVersion "1"]
[SourceVersionDate "2023.10.10"]
[SourceQuality "1"]

1. d4 Nf6 2. c4 e6 3. g3 d5 4. Bg2 Be7 5. Nf3 0-0 6. 0-0 a6 7. Qc2 dxc4 8. a4 Nbd7 9. Nbd2 c5 10. Nxc4 Nd5 11. Rd1 Qc7 12. e4 Nb4 13. Qe2 cxd4 14. Bf4 d3 15. Bxc7 dxe2 16. Rd2 Nc5 17. Rxe2 a5 18. Nd4 Nc6 19. Nxc6 bxc6 20. e5 Ba6 21. Rc2 Nb3 22. Rd1 Rac8 23. Bd6 Rfd8 24. Bf3 Bxc4 25. Rxc4 Bxd6 26. exd6 c5 27. Kg2 Kf8 28. d7 Rb8 29. Rd3 Nd4 30. Rxc5 Nxf3 31. Kxf3 Rxb2 32. Rxa5 Rb7 33. Rb5 Rbxd7 34. Rxd7 Rxd7 35. a5 Ra7 36. Ke4 Ke7 37. Kd4 Kd6 38. Kc4 Kc7 39. Rc5+ Kb7 40. Kb5 Ra6 41. h4 Rd6 42. h5 h6 43. f3 g6 44. hxg6 fxg6 45. Re5 g5 46. g4 Rc6 47. Re2 Rd6 48. Rh2 e5 49. Kc5 Rf6 50. Rh3 Ra6 51. Kd5 Rxa5+ 52. Ke4 Ra6 53. Kxe5 Kc7 54. Rh1 Kd7 55. Rb1 Ke7 56. Rb7+ Kf8 57. Kf5 Kg8 58. Re7 Ra3 59. Kg6 Ra6+ 60. Kh5 Rf6 61. Ra7 Kh8 62. Ra8+ Kh7 63. Ra7+ Kh8 64. Ra8+ Kh7 65. Ra7+ Kh8 1/2-1/2

[Event "Dieren op"]
[Site "Dieren"]
[Date "2023.08.03"]
[Round "9"]
[White "Pham, Khoi"]
[Black "Labruyere, Roger"]
[Result "1-0"]
[WhiteElo "2361"]
[BlackElo "2191"]
[PlyCount "95"]
[EventDate "2023.07.25"]
[EventType "swiss"]
[EventRounds "9"]
[EventCountry "NED"]
[SourceTitle "CBM 215 Extra"]
[Source "ChessBase"]
[SourceDate "2023.09.30"]
[SourceVersion "1"]
[SourceVersionDate "2023.09.30"]
[SourceQuality "1"]

1. d4 Nf6 2. c4 e6 3. g3 c5 4. d5 exd5 5. cxd5 d6 6. Nc3 g6 7. Bg2 Bg7 8. Nf3 0-0 9. 0-0 Re8 10. Bf4 Nh5 11. Bg5 Qb6 12. Qc1 Na6 13. Nd2 Nc7 14. e4 Bd7 15. a4 Na6 16. Nc4 Qc7 17. Bf3 f6 18. Bh6 g5 19. Bxh5 Bxh6 20. Bxe8 Rxe8 21. Qd1 Nb4 22. Qh5 Bg7 23. f4 gxf4 24. Rxf4 Nd3 25. Rh4 h6 26. Rf1 Ne5 27. Ne3 Re7 28. Nf5 Bxf5 29. Qxf5 Qb6 30. Nd1 Qb4 31. Qf2 Ng6 32. Rg4 Ne5 33. Qxf6 Qd4+ 34. Kh1 Rf7 35. Rxg7+ Rxg7 36. Qf8+ Kh7 37. Qf5+ Kh8 38. Qf8+ Kh7 39. Qf5+ Kh8 40. Qf4 Kh7 41. Ne3 Qxb2 42. Qf5+ Ng6 43. Ng4 Kh8 44. Nxh6 Nh4 45. Nf7+ Rxf7 46. Qh5+ Rh7 47. Rf8+ Kg7 48. Rf7+ 1-0

[Event "Dieren op"]
[Site "Dieren"]
[Date "2023.07.28"]
[Round "4"]
[White "Brouwer, Mason"]
[Black "Pham, Khoi"]
[Result "0-1"]
[WhiteElo "1990"]
[BlackElo "2361"]
[PlyCount "52"]
[EventDate "2023.07.25"]
[EventType "swiss"]
[EventRounds "9"]
[EventCountry "NED"]
[SourceTitle "CBM 215 Extra"]
[Source "ChessBase"]
[SourceDate "2023.09.30"]
[SourceVersion "1"]
[SourceVersionDate "2023.09.30"]
[SourceQuality "1"]

1. e4 e5 2. Nf3 Nc6 3. g3 Nf6 4. d3 d5 5. exd5 Qxd5 6. Bg2 Bg4 7. h3 Bh5 8. g4 Bg6 9. 0-0 0-0-0 10. Nc3 Qd7 11. Be3 Bd6 12. Nb5 Kb8 13. d4 e4 14. Nd2 h5 15. g5 Nd5 16. Nxd6 Qxd6 17. c4 Nxe3 18. fxe3 Qg3 19. Qe2 Qxg5 20. b4 f5 21. b5 Nb4 22. Nb3 h4 23. Kh1 Nd3 24. Qd2 Bh5 25. Nc1 Ne5 26. Ne2 Nxc4 0-1

[Event "Titled Tuesday intern op 18th Jul Early"]
[Site "Chess.com INT"]
[Date "2023.07.18"]
[Round "4"]
[White "Pham, Khoi"]
[Black "Oro, Faustino"]
[Result "1-0"]
[WhiteElo "2361"]
[BlackElo "2316"]
[PlyCount "41"]
[EventDate "2023.07.18"]
[EventType "swiss (blitz)"]
[EventRounds "11"]
[EventCountry "USA"]
[SourceTitle "EXT 2024"]
[Source "ChessBase"]
[SourceDate "2023.10.10"]
[SourceVersion "1"]
[SourceVersionDate "2023.10.10"]
[SourceQuality "1"]

1. e4 e5 2. Bc4 Nf6 3. d3 c6 4. Nc3 d5 5. Bb3 Bb4 6. Bd2 0-0 7. Nf3 Re8 8. 0-0 Bg4 9. h3 Bh5 10. g4 Nxg4 11. hxg4 Bxg4 12. Kg2 d4 13. Ne2 Bd6 14. Ng5 Rf8 15. f3 Bh5 16. Rh1 Bg6 17. Qg1 Nd7 18. Nxh7 Bxh7 19. Rxh7 Kxh7 20. Qh2+ Kg6 21. Qg3+ 1-0

[Event "Titled Tuesday intern op 18th Jul Early"]
[Site "Chess.com INT"]
[Date "2023.07.18"]
[Round "8"]
[White "Pham, Khoi"]
[Black "Wagner, Dennis"]
[Result "1-0"]
[WhiteElo "2361"]
[BlackElo "2598"]
[PlyCount "71"]
[EventDate "2023.07.18"]
[EventType "swiss (blitz)"]
[EventRounds "11"]
[EventCountry "USA"]
[SourceTitle "EXT 2024"]
[Source "ChessBase"]
[SourceDate "2023.10.10"]
[SourceVersion "1"]
[SourceVersionDate "2023.10.10"]
[SourceQuality "1"]

1. e4 c5 2. Nf3 d6 3. d4 cxd4 4. Nxd4 Nf6 5. Nc3 a6 6. Bg5 e6 7. f4 Nbd7 8. Qf3 Qc7 9. 0-0-0 b5 10. Bd3 Bb7 11. Rhe1 Be7 12. Kb1 Qb6 13. Nb3 Rc8 14. f5 e5 15. Be3 Qd8 16. Bd2 b4 17. Nd5 Nxd5 18. exd5 Nf6 19. g4 Bxd5 20. Qe2 Qc7 21. g5 Nd7 22. Bxb4 Nb6 23. Bxa6 Bc4 24. Bxc4 Nxc4 25. f6 gxf6 26. gxf6 Bxf6 27. Nd4 Qb6 28. a3 0-0 29. Nf5 e4 30. Nxd6 Nxb2 31. Qg4+ Kh8 32. Nxf7+ Rxf7 33. Qxc8+ Kg7 34. Rg1+ Kh6 35. Qh3+ Bh4 36. Qxh4# 1-0

[Event "Utrecht"]
[Site "Utrecht"]
[Date "2023.07.08"]
[Round "1"]
[White "Grutter, Tim"]
[Black "Pham, Khoi"]
[Result "1/2-1/2"]
[WhiteElo "2349"]
[BlackElo "2361"]
[PlyCount "84"]
[EventDate "2023.07.08"]
[EventType "tourn"]
[EventRounds "9"]
[EventCountry "NED"]
[EventCategory "4"]
[SourceTitle "EXT 2024"]
[Source "ChessBase"]
[SourceDate "2023.10.10"]
[SourceVersion "1"]
[SourceVersionDate "2023.10.10"]
[SourceQuality "1"]

1. e4 c5 2. Nf3 d6 3. d4 cxd4 4. Nxd4 Nf6 5. Nc3 a6 6. h3 e5 7. Nb3 Be7 8. g4 h6 9. Be3 Qc7 10. a4 Be6 11. Nd5 Bxd5 12. exd5 Nbd7 13. c4 a5 14. Bd3 b6 15. Nd2 Nc5 16. Bc2 Nfd7 17. 0-0 Bf6 18. Qf3 Qd8 19. Bf5 g6 20. Bxd7+ Nxd7 21. Ne4 Be7 22. Qe2 h5 23. g5 0-0 24. Ra3 Nc5 25. Bxc5 bxc5 26. Rg3 Qd7 27. Nc3 Rae8 28. Qe4 Kh7 29. h4 f5 30. gxf6 Rxf6 31. f4 Qf5 32. Qxf5 gxf5 33. Kh2 exf4 34. Rxf4 Bf8 35. Rgf3 Kg6 36. Rg3+ Kf7 37. Rgf3 Re5 38. Rf2 Bh6 39. R4f3 Be3 40. Rg2 Re7 41. Kh3 Bh6 42. Rgf2 Re5 1/2-1/2

[Event "Titled Tuesday intern op 20th Jun Early"]
[Site "Chess.com INT"]
[Date "2023.06.20"]
[Round "2"]
[White "Ilamparthi, AR."]
[Black "Pham, Khoi"]
[Result "1-0"]
[WhiteElo "2393"]
[BlackElo "2334"]
[PlyCount "57"]
[EventDate "2023.06.20"]
[EventType "swiss (blitz)"]
[EventRounds "11"]
[EventCountry "USA"]
[SourceTitle "EXT 2024"]
[Source "ChessBase"]
[SourceDate "2023.10.10"]
[SourceVersion "1"]
[SourceVersionDate "2023.10.10"]
[SourceQuality "1"]

1. e4 c6 2. d3 d5 3. Nd2 Nf6 4. Ngf3 e6 5. g3 Be7 6. Bg2 0-0 7. 0-0 b6 8. Re1 a5 9. e5 Nfd7 10. Nf1 a4 11. a3 c5 12. h4 b5 13. Bf4 b4 14. h5 Nc6 15. h6 g6 16. N1h2 Nd4 17. Nxd4 cxd4 18. Nf3 Qb6 19. Qd2 Ba6 20. Bg5 Bxg5 21. Qxg5 b3 22. cxb3 axb3 23. Rad1 f6 24. exf6 Rxf6 25. Ne5 Rf7 26. Nxf7 Kxf7 27. Rxe6 Qxe6 28. Bxd5 Re8 29. Bxe6+ 1-0

[Event "Titled Tuesday intern op 20th Jun Early"]
[Site "Chess.com INT"]
[Date "2023.06.20"]
[Round "5"]
[White "Pham, Khoi"]
[Black "Gatterer, Florian"]
[Result "1-0"]
[WhiteElo "2334"]
[BlackElo "2170"]
[PlyCount "163"]
[EventDate "2023.06.20"]
[EventType "swiss (blitz)"]
[EventRounds "11"]
[EventCountry "USA"]
[SourceTitle "EXT 2024"]
[Source "ChessBase"]
[SourceDate "2023.10.10"]
[SourceVersion "1"]
[SourceVersionDate "2023.10.10"]
[SourceQuality "1"]

1. e4 c5 2. Nf3 e6 3. g3 Nc6 4. Bg2 Nf6 5. Qe2 e5 6. 0-0 Be7 7. c3 0-0 8. Na3 d6 9. Rd1 Bg4 10. h3 Bh5 11. Nc4 Re8 12. d3 b5 13. Ne3 Rb8 14. g4 Bg6 15. Nh4 Nd7 16. Nhf5 Bf8 17. Rf1 f6 18. Nd5 Ne7 19. Nfxe7+ Bxe7 20. f4 Bf7 21. f5 Nb6 22. c4 bxc4 23. dxc4 Nxd5 24. exd5 h6 25. Be4 a5 26. h4 Rf8 27. Kh1 Qe8 28. Rg1 a4 29. g5 Bh5 30. Qh2 Kh7 31. g6+ Kg8 32. Be3 Qd7 33. Qd2 Rfc8 34. Bxh6 Qb7 35. Rab1 Qb4 36. b3 Qxd2 37. Bxd2 Bd8 38. Rg3 Ra8 39. Bf3 Bxf3+ 40. Rxf3 Rcb8 41. h5 Be7 42. h6 gxh6 43. Bxh6 Bf8 44. Bd2 Be7 45. Kg2 Kg7 46. Rh1 Rh8 47. Rxh8 Kxh8 48. Rh3+ Kg8 49. b4 cxb4 50. Bxb4 Rb8 51. a3 Bf8 52. Rh7 Rc8 53. Rh4 Rc7 54. Kf3 Rc8 55. Ke2 Rb8 56. Kd3 Rc8 57. Rh7 Rb8 58. Rc7 Rb6 59. Rc6 Rb7 60. Rc8 Kg7 61. Ra8 Be7 62. Rxa4 Rc7 63. Ra6 e4+ 64. Kc3 e3 65. Rc6 Rb7 66. Kd3 Ra7 67. Kxe3 Rb7 68. Kd3 Rd7 69. c5 dxc5 70. Bxc5 Rxd5+ 71. Kc4 Bxc5 72. Rxc5 Rd1 73. a4 Kg8 74. a5 Ra1 75. Kb5 Rb1+ 76. Kc6 Kg7 77. a6 Kh6 78. a7 Ra1 79. Kb7 Kg5 80. a8Q Rb1+ 81. Kc7 Kf4 82. Qa4+ 1-0

[Event "Titled Tuesday intern op 20th Jun Early"]
[Site "Chess.com INT"]
[Date "2023.06.20"]
[Round "3"]
[White "Pham, Khoi"]
[Black "Gordon, Frederick"]
[Result "0-1"]
[WhiteElo "2334"]
[BlackElo "2325"]
[PlyCount "128"]
[EventDate "2023.06.20"]
[EventType "swiss (blitz)"]
[EventRounds "11"]
[EventCountry "USA"]
[SourceTitle "EXT 2024"]
[Source "ChessBase"]
[SourceDate "2023.10.10"]
[SourceVersion "1"]
[SourceVersionDate "2023.10.10"]
[SourceQuality "1"]

1. d4 c5 2. d5 g6 3. e4 Bg7 4. Nf3 d6 5. h3 Nf6 6. Nc3 0-0 7. Be2 Bd7 8. a4 a6 9. 0-0 e5 10. Nd2 Ne8 11. Nc4 f5 12. a5 f4 13. Nb6 Ra7 14. Bg4 Bxg4 15. Qxg4 Nc7 16. Nc4 Nd7 17. Na4 Nf6 18. Qe2 Nb5 19. c3 g5 20. f3 Nh5 21. Qf2 Ng3 22. Rd1 Ra8 23. Nab6 Rb8 24. Bd2 h5 25. Be1 g4 26. Qc2 gxf3 27. gxf3 Rf6 28. Bxg3 fxg3 29. Kg2 h4 30. Ne3 Rf7 31. Nf5 Qf6 32. Nc4 Bh6 33. Qe2 Bf4 34. Nce3 Qg5 35. Ng4 Kh7 36. Qd3 Rd8 37. b4 cxb4 38. cxb4 Rc7 39. Ra2 Rc3 40. Qe2 Rdc8 41. Rd3 R3c7 42. Rd1 Nc3 43. Qc2 Nxa2 44. Qxa2 Rc2+ 45. Kg1 Rxa2 46. Nxd6 Rcc2 47. Nf5 Rg2+ 48. Kh1 Rh2+ 49. Kg1 Rag2+ 50. Kf1 Rf2+ 51. Kg1 Rxf3 52. d6 Qd8 53. d7 Rd2 54. Rxd2 Bxd2 55. Nxe5 Rxf5 56. exf5 Bc3 57. Ng6 Kg7 58. Nf4 Qxd7 59. Ne6+ Kf6 60. Kg2 Qd5+ 61. Kg1 Qxf5 62. Nf4 Qxf4 63. b5 Qf2+ 64. Kh1 Qh2# 0-1

[Event "Titled Tuesday intern op 20th Jun Early"]
[Site "Chess.com INT"]
[Date "2023.06.20"]
[Round "1"]
[White "Sariego Figueredo, Wilfredo"]
[Black "Pham, Khoi"]
[Result "0-1"]
[WhiteElo "2318"]
[BlackElo "2334"]
[PlyCount "75"]
[EventDate "2023.06.20"]
[EventType "swiss (blitz)"]
[EventRounds "11"]
[EventCountry "USA"]
[SourceTitle "EXT 2024"]
[Source "ChessBase"]
[SourceDate "2023.10.10"]
[SourceVersion "1"]
[SourceVersionDate "2023.10.10"]
[SourceQuality "1"]

1. d4 f5 2. g4 fxg4 3. h3 d5 4. Nc3 Nf6 5. Bg5 Nc6 6. hxg4 Bxg4 7. f3 Be6 8. Bh3 Qd7 9. Nb5 0-0-0 10. Qd2 Bxh3 11. Nxh3 Kb8 12. 0-0-0 h6 13. Bf4 Ne8 14. Ng5 Nd6 15. Nxd6 exd6 16. Nh3 Be7 17. Nf2 Bf6 18. e3 g5 19. Ng4 Bg7 20. Bg3 h5 21. Nf2 h4 22. Bh2 Rdf8 23. Qe2 Qf5 24. e4 dxe4 25. Nxe4 Nxd4 26. Rxd4 Bxd4 27. Nxd6 cxd6 28. Bxd6+ Ka8 29. Bxf8 Rxf8 30. Re1 a6 31. Rd1 Qf4+ 32. Kb1 h3 33. Rh1 Qxf3 34. Qe1 g4 35. c3 Bf2 36. Qe7 Qxh1+ 37. Kc2 Rb8 38. Qg7 0-1

[Event "Titled Tuesday intern op 20th Jun Early"]
[Site "Chess.com INT"]
[Date "2023.06.20"]
[Round "4"]
[White "Silva Lucena, Cristian"]
[Black "Pham, Khoi"]
[Result "0-1"]
[WhiteElo "2285"]
[BlackElo "2334"]
[PlyCount "38"]
[EventDate "2023.06.20"]
[EventType "swiss (blitz)"]
[EventRounds "11"]
[EventCountry "USA"]
[SourceTitle "EXT 2024"]
[Source "ChessBase"]
[SourceDate "2023.10.10"]
[SourceVersion "1"]
[SourceVersionDate "2023.10.10"]
[SourceQuality "1"]

1. d4 f5 2. g4 fxg4 3. h3 d5 4. Nc3 Nf6 5. hxg4 Bxg4 6. Bg5 Nc6 7. Nh3 Qd7 8. Nf4 e6 9. Ng6 Rg8 10. Ne5 Qd6 11. f3 Bf5 12. Bf4 Nxe5 13. Bxe5 Qb6 14. Bxf6 gxf6 15. e4 dxe4 16. fxe4 Bg4 17. Qd2 0-0-0 18. d5 Bd6 19. Qf2 Qxb2 0-1

[Event "Helmond Rapid op"]
[Site "Helmond"]
[Date "2023.06.10"]
[Round "4"]
[White "Pham, Khoi"]
[Black "Bleeker, Kasper"]
[Result "1-0"]
[WhiteElo "2334"]
[BlackElo "1992"]
[PlyCount "65"]
[EventDate "2023.06.10"]
[EventType "swiss (rapid)"]
[EventRounds "9"]
[EventCountry "NED"]
[SourceTitle "CBM 214 Extra"]
[Source "ChessBase"]
[SourceDate "2023.07.31"]
[SourceVersion "1"]
[SourceVersionDate "2023.07.31"]
[SourceQuality "1"]

1. e4 c5 2. Nf3 Nc6 3. Bb5 g6 4. Bxc6 dxc6 5. d3 Bg7 6. h3 Nf6 7. Nc3 b5 8. 0-0 0-0 9. e5 Nd5 10. Ne4 Qb6 11. c4 Nc7 12. Be3 Ne6 13. b4 Nd4 14. bxc5 Nxf3+ 15. Qxf3 Qc7 16. d4 bxc4 17. Qg3 Bf5 18. Qh4 Rad8 19. Rac1 Qd7 20. Nd2 Bd3 21. Rfe1 Qd5 22. Nf3 f6 23. exf6 Bxf6 24. Bg5 Qf5 25. Bxf6 Qxf6 26. Ng5 Rf7 27. Qg3 Rxd4 28. Nxf7 Kxf7 29. Re3 Rf4 30. Rce1 Rf5 31. Qc7 g5 32. Rxe7+ Kg6 33. R7e6 1-0

[Event "Helmond Rapid op"]
[Site "Helmond"]
[Date "2023.06.10"]
[Round "1"]
[White "Sprong, Pia"]
[Black "Pham, Khoi"]
[Result "0-1"]
[WhiteElo "1521"]
[BlackElo "2334"]
[PlyCount "60"]
[EventDate "2023.06.10"]
[EventType "swiss (rapid)"]
[EventRounds "9"]
[EventCountry "NED"]
[SourceTitle "CBM 214 Extra"]
[Source "ChessBase"]
[SourceDate "2023.07.31"]
[SourceVersion "1"]
[SourceVersionDate "2023.07.31"]
[SourceQuality "1"]

1. d4 Nf6 2. Nf3 g6 3. g3 Bg7 4. Bg2 0-0 5. 0-0 d6 6. c3 Nbd7 7. b3 e5 8. e3 Re8 9. Nbd2 e4 10. Ng5 d5 11. Bb2 Nf8 12. Rc1 Bg4 13. Qc2 h6 14. Nh3 g5 15. c4 Qd7 16. cxd5 Bxh3 17. Qxc7 Bxg2 18. Kxg2 Qxd5 19. Rc5 Qd7 20. Rfc1 Ne6 21. Qxd7 Nxd7 22. Rb5 b6 23. Ba3 a6 24. Rd5 Nf6 25. Rd6 Bf8 26. Rxb6 Bxa3 27. Rcc6 a5 28. Nc4 Bb4 29. a3 Bf8 30. Rb7 Rec8 0-1

[Event "Titled Tuesday intern op 02nd May Early"]
[Site "Chess.com INT"]
[Date "2023.05.02"]
[Round "1"]
[White "Pham, Khoi"]
[Black "Antonio, Jorge Carlos"]
[Result "1/2-1/2"]
[WhiteElo "2353"]
[BlackElo "2277"]
[PlyCount "67"]
[EventDate "2023.05.02"]
[EventType "swiss (blitz)"]
[EventRounds "11"]
[EventCountry "USA"]
[SourceTitle "EXT 2024"]
[Source "ChessBase"]
[SourceDate "2023.10.10"]
[SourceVersion "1"]
[SourceVersionDate "2023.10.10"]
[SourceQuality "1"]

1. d4 d5 2. c4 c6 3. Nc3 dxc4 4. Nf3 b5 5. e4 e6 6. Be2 Nf6 7. 0-0 Bb7 8. Qc2 Be7 9. e5 Nd5 10. b3 b4 11. Nxd5 cxd5 12. bxc4 dxc4 13. Bxc4 0-0 14. Rd1 Bd5 15. Be3 a5 16. Rac1 Na6 17. Bxd5 Qxd5 18. Bg5 Bd8 19. Bxd8 Qxd8 20. d5 Rc8 21. Qe2 Rxc1 22. Rxc1 Qxd5 23. Qxa6 Qxa2 24. h4 b3 25. Rc8 g6 26. Rxf8+ Kxf8 27. Kh2 b2 28. Qc8+ Kg7 29. Qd8 b1Q 30. Qf6+ Kh6 31. Qg5+ Kg7 32. Qf6+ Kh6 33. Qg5+ Kg7 34. Qf6+ 1/2-1/2

[Event "Titled Tuesday intern op 02nd May Early"]
[Site "Chess.com INT"]
[Date "2023.05.02"]
[Round "8"]
[White "Pham, Khoi"]
[Black "Kosakowski, Jakub"]
[Result "0-1"]
[WhiteElo "2353"]
[BlackElo "2485"]
[PlyCount "76"]
[EventDate "2023.05.02"]
[EventType "swiss (blitz)"]
[EventRounds "11"]
[EventCountry "USA"]
[SourceTitle "EXT 2024"]
[Source "ChessBase"]
[SourceDate "2023.10.10"]
[SourceVersion "1"]
[SourceVersionDate "2023.10.10"]
[SourceQuality "1"]

1. d4 d5 2. c4 e5 3. dxe5 d4 4. Nf3 Nc6 5. g3 Nge7 6. Bg2 Ng6 7. 0-0 Ngxe5 8. Nxe5 Nxe5 9. Nd2 Be7 10. b3 0-0 11. Bb2 c5 12. Nf3 Nc6 13. a3 Be6 14. Ne1 Rc8 15. Nd3 b6 16. Qc2 Re8 17. Rad1 Bf5 18. Qc1 Qd7 19. Nf4 Na5 20. e4 Bg4 21. Rd3 Nc6 22. f3 Be6 23. Nxe6 fxe6 24. f4 e5 25. Qd1 a6 26. Qh5 Qd6 27. Bh3 Rb8 28. Rdf3 b5 29. cxb5 axb5 30. Qg4 Bf6 31. Qd7 Red8 32. Qxd6 Rxd6 33. Rc1 c4 34. bxc4 bxc4 35. Rxc4 Rxb2 36. fxe5 Nxe5 37. Rc8+ Kf7 38. Rf1 d3 0-1

[Event "Titled Tuesday intern op 02nd May Early"]
[Site "Chess.com INT"]
[Date "2023.05.02"]
[Round "3"]
[White "Pham, Khoi"]
[Black "Mikhailovsky, Vladimir"]
[Result "0-1"]
[WhiteElo "2353"]
[BlackElo "2215"]
[PlyCount "78"]
[EventDate "2023.05.02"]
[EventType "swiss (blitz)"]
[EventRounds "11"]
[EventCountry "USA"]
[SourceTitle "EXT 2024"]
[Source "ChessBase"]
[SourceDate "2023.10.10"]
[SourceVersion "1"]
[SourceVersionDate "2023.10.10"]
[SourceQuality "1"]

1. d4 d5 2. c4 e6 3. Nc3 a6 4. cxd5 exd5 5. Qb3 c5 6. dxc5 d4 7. Na4 Nd7 8. Nf3 Nxc5 9. Nxc5 Bxc5 10. e3 Be6 11. Qa4+ Bd7 12. Qc4 Rc8 13. exd4 Qe7+ 14. Qe2 Bb4+ 15. Bd2 Be6 16. Bxb4 Qxb4+ 17. Qd2 Qd6 18. Be2 Nf6 19. 0-0 0-0 20. Rac1 Bxa2 21. h3 Bd5 22. Ne5 h6 23. Qa5 Rfd8 24. Bf3 Bxf3 25. Nxf3 Re8 26. Qf5 Rcd8 27. Rc5 Qe6 28. Qc2 Qb6 29. Rc1 Nd5 30. Qf5 Qe6 31. Qe5 Qd7 32. Qg3 Qf5 33. Ne5 Qf6 34. Ng4 Qg5 35. Qf3 Qf4 36. Qb3 h5 37. Rxd5 Qxc1+ 38. Kh2 hxg4 39. Rxd8 Rxd8 0-1